Т. 56, № 3; Журнал вычислительной математики и математической физики

Dettagli Bibliografici
Parent link:Журнал вычислительной математики и математической физики: научный журнал/ Российская академия наук (РАН). Т. 56, № 3.— , 1961-
Lingua:russo
Pubblicazione: 2016
Natura: MixedMaterials Libro
KOHA link:https://koha.lib.tpu.ru/cgi-bin/koha/opac-detail.pl?biblionumber=561318

MARC

LEADER 00000nam2a2200000 4500
001 561318
005 20231101123005.0
035 |a (RuTPU)RU\TPU\prd\256528 
090 |a 561318 
100 |a 20160429a19619999k y0rusy50 ca 
101 0 |a rus 
102 |a RU 
200 0 |a Т. 56, № 3 
210 |d 2016 
461 1 |0 (RuTPU)RU\TPU\prd\1767  |t Журнал вычислительной математики и математической физики  |o научный журнал  |f Российская академия наук (РАН)  |v Т. 56, № 3  |d 1961- 
801 0 |a RU  |b 63413507  |c 20010227  |g PSBO 
801 1 |a RU  |b 63413507  |c 20160429 
801 2 |a RU  |b 63413507  |c 20201217  |g RCR 
942 |c BK 
999 |a НТБ_ТПУ  |b НФ  |e -1/20160111  |p П-6795  |s 6/20151117  |u 0,00  |v 1